[Event "DEM U12/U12w 2009"]
[Site "Willingen GER"]
[Date "2009.06.06"]
[Round "11"]
[White "Lagunow, Elina"]
[Black "Zimmermann, Christian"]
[Result "1-0"]
[Termination "normal"]
[Board "17"]
[WhiteElo "1726"]
[BlackElo "1655"]
[PlyCount "93"]
[WhiteFideId "4673387"]
[BlackFideId "24692069"]
[EventCountry "GER"]
[EventRounds "11"]
[EventType "swiss"]
[EventDate "2009.05.30"]

1. e4 e5 2. Nf3 Nc6 3. Bb5 a6 4. Ba4 Nf6 5. d3 b5 6. Bb3 d6 7. c3 Be7 8. Nbd2
O-O 9. Nf1 Re8 10. Ng3 g6 11. O-O Bf8 12. Re1 Na5 13. Bc2 c5 14. b4 cxb4 15.
cxb4 Nc6 16. Bd2 Bg4 17. h3 Bxf3 18. Qxf3 Nd4 19. Qd1 Nxc2 20. Qxc2 Rc8 21. Qb3
Re7 22. Rec1 Rec7 23. Rxc7 Rxc7 24. Rc1 Nd7 25. Ne2 Nb8 26. Be3 Qc8 27. Nc3 Nd7
28. Bd2 Nf6 29. Ra1 h6 30. a4 bxa4 31. Rxa4 Nd7 32. Nd5 Rc2 33. Bxh6 Rc1+ 34.
Bxc1 Qxc1+ 35. Kh2 Nb6 36. Qa3 Qc2 37. Nxb6 Qxf2 38. Nd5 Bh6 39. Qa2 Bf4+ 40.
Nxf4 Qxf4+ 41. g3 Qe3 42. Rxa6 Qxd3 43. Ra8+ Kg7 44. Ra7 Qf3 45. Rd7 g5 46. b5
g4 47. Qxf7+ 1-0

[Event "DEM U12/U12w 2009"]
[Site "Willingen GER"]
[Date "2009.06.06"]
[Round "11"]
[White "Richter, Leonard"]
[Black "Schmitt, Carsten"]
[Result "0-1"]
[Termination "normal"]
[Board "18"]
[WhiteElo "1553"]
[BlackElo "1624"]
[PlyCount "98"]
[WhiteFideId "12900290"]
[BlackFideId "24661040"]
[EventCountry "GER"]
[EventRounds "11"]
[EventType "swiss"]
[EventDate "2009.05.30"]

1. e4 c5 2. d4 cxd4 3. c3 dxc3 4. Nxc3 Nc6 5. Nf3 a6 6. Bf4 e6 7. Bc4 b5 8. Bb3
Bb7 9. e5 Nge7 10. Ne4 Ng6 11. Bg5 Qa5+ 12. Bd2 Qc7 13. Rc1 Qb8 14. O-O Ncxe5
15. Re1 Nd3 16. Ba5 Nxc1 17. Qxc1 Be7 18. Qd2 O-O 19. Qxd7 Bxe4 20. Rxe4 Qd6
21. Qb7 Rfb8 22. Qc7 Qxc7 23. Bxc7 Rc8 24. Bg3 Rc1+ 25. Ne1 Bb4 26. f3 Bxe1 27.
Bxe1 Rb1 28. Kf1 Rc1 29. Ke2 a5 30. a4 b4 31. Bc4 Rc2+ 32. Ke3 Rxg2 33. Bg3 Rd8
34. Rd4 Rxd4 35. Kxd4 Rxb2 36. Bc7 Ne7 37. Kc5 Rb1 38. Bxa5 b3 39. Bc3 b2 40.
Kb4 Nd5+ 41. Bxd5 exd5 42. a5 f6 43. Kb3 Re1 44. Kxb2 Re6 45. Kc2 Kf7 46. Kd3
Ke7 47. Kd4 Rc6 48. Bb4+ Ke6 49. f4 Rc4+ 0-1

[Event "DEM U12/U12w 2009"]
[Site "Willingen GER"]
[Date "2009.06.06"]
[Round "11"]
[White "Koop, Thorben"]
[Black "Hecht, Carsten"]
[Result "1-0"]
[Termination "normal"]
[Board "19"]
[WhiteElo "1735"]
[BlackElo "1605"]
[PlyCount "145"]
[WhiteFideId "24661619"]
[BlackFideId "24693928"]
[EventCountry "GER"]
[EventRounds "11"]
[EventType "swiss"]
[EventDate "2009.05.30"]

1. d4 Nf6 2. Nf3 g6 3. c4 Bg7 4. Nc3 O-O 5. g3 d6 6. Bg2 c6 7. O-O Qb6 8. Re1
Qa6 9. b3 b5 10. cxb5 cxb5 11. Bb2 Bb7 12. Qd3 b4 13. Qxa6 Nxa6 14. Nd1 Rac8
15. Ne3 Nd7 16. Rac1 Nb6 17. Nc4 Nd7 18. e4 Nac5 19. dxc5 Nxc5 20. Bxg7 Kxg7
21. Rcd1 Bxe4 22. Nd4 d5 23. Nb2 Bxg2 24. Kxg2 e6 25. f3 a5 26. Rc1 Kf6 27. Rc2
Nd7 28. Rec1 Nb6 29. Rxc8 Rxc8 30. Rxc8 Nxc8 31. Nc6 Kf5 32. Nxa5 Na7 33. Kf2
Ke5 34. Ke3 Kd6 35. Nb7+ Kc7 36. Nc5 Kd6 37. Nbd3 Nc6 38. Na6 e5 39. Ndxb4 d4+
40. Kd3 Ne7 41. Nc2 Nc6 42. Nab4 Na5 43. Na3 Nb7 44. Nc4+ Ke6 45. Na6 Kd5 46.
b4 f5 47. Nd2 Nd6 48. Nc5 g5 49. h3 h5 50. g4 fxg4 51. fxg4 hxg4 52. hxg4 Nf7
53. Nde4 Kc6 54. a4 Kd5 55. a5 Kc6 56. Kc4 Kc7 57. Ne6+ Kd7 58. N6xg5 Nd8 59.
Nc5+ Ke7 60. a6 Nc6 61. b5 Na7 62. b6 Nc6 63. a7 Nxa7 64. bxa7 d3 65. Nxd3 e4
66. Nxe4 Kf7 67. a8=Q Ke7 68. Qb7+ Ke6 69. Nec5+ Kf6 70. Qf3+ Kg7 71. Ne5 Kh7
72. Qf7+ Kh8 73. Ng6# 1-0

[Event "DEM U12/U12w 2009"]
[Site "Willingen GER"]
[Date "2009.06.06"]
[Round "11"]
[White "Keller, Peter"]
[Black "Hümmecke, Aaron"]
[Result "1-0"]
[Termination "normal"]
[Board "20"]
[WhiteElo "1458"]
[BlackElo "1578"]
[PlyCount "71"]
[WhiteFideId "1272105"]
[BlackFideId "24692522"]
[EventCountry "GER"]
[EventRounds "11"]
[EventType "swiss"]
[EventDate "2009.05.30"]

1. e4 e5 2. Bc4 Nf6 3. d3 c6 4. Nf3 d6 5. Nc3 Be7 6. O-O O-O 7. Bg5 Be6 8. Bb3
h6 9. Bh4 Nh7 10. Bxe7 Qxe7 11. Nd2 Qg5 12. Nc4 Rd8 13. Re1 Na6 14. Re3 Nc5 15.
d4 Nxb3 16. axb3 b5 17. Na5 b4 18. Na2 c5 19. d5 Bc8 20. Nc6 Rd7 21. Qd3 Nf6
22. Nc1 Nh5 23. Ne2 Rb7 24. Na5 Rc7 25. Nc4 Nf4 26. Nxf4 exf4 27. Ree1 Qg6 28.
Qf3 Qf6 29. g3 fxg3 30. Qxg3 a5 31. Nxd6 Qxb2 32. Nc4 Qxc2 33. Qxc7 Qxb3 34.
Nb6 Ba6 35. Nxa8 Qf3 36. Qg3 1-0

[Event "DEM U12/U12w 2009"]
[Site "Willingen GER"]
[Date "2009.06.06"]
[Round "11"]
[White "Oehne, Timo"]
[Black "Knopf, Felix"]
[Result "0-1"]
[Termination "normal"]
[Board "21"]
[WhiteElo "1551"]
[BlackElo "1741"]
[PlyCount "122"]
[WhiteFideId "24661635"]
[BlackFideId "24692204"]
[EventCountry "GER"]
[EventRounds "11"]
[EventType "swiss"]
[EventDate "2009.05.30"]

1. Nf3 d5 2. c4 c6 3. e3 Nf6 4. Nc3 e6 5. d4 Be7 6. b3 Nbd7 7. Be2 O-O 8. O-O
Re8 9. Qc2 Nf8 10. Rd1 Qc7 11. h3 dxc4 12. bxc4 b6 13. e4 Bb7 14. Rb1 Ng6 15.
Be3 Red8 16. Kh1 Rac8 17. Kg1 e5 18. d5 cxd5 19. exd5 Bxd5 20. Nb5 Qb7 21. Nxa7
Qxa7 22. Bxb6 Be4 23. Qxe4 Qxb6 24. Qxg6 Rxd1+ 25. Bxd1 Qxf2+ 26. Kxf2 hxg6 27.
Nxe5 Ne4+ 28. Ke3 Nc3 29. Bg4 f5 30. Nxg6 Bc5+ 31. Kd3 Nxb1 32. Bxf5 Rd8+ 33.
Kc2 Nd2 34. Be6+ Kh7 35. Bf5 Nxc4 36. Ne5+ g6 37. Bxg6+ Kg7 38. Nxc4 Kxg6 39.
a4 Ra8 40. Kb3 Kf5 41. a5 Rb8+ 42. Ka2 Kf4 43. g4 Kg3 44. g5 Kxh3 45. g6 Kh4
46. g7 Bd4 47. g8=Q Rxg8 48. a6 Ra8 49. a7 Rxa7+ 50. Kb3 Kg4 51. Kc2 Kf4 52.
Kd3 Bg7 53. Nb6 Ke5 54. Nc4+ Kd5 55. Ne3+ Kc5 56. Nf5 Rf7 57. Ne3 Bh6 58. Nc2
Rd7+ 59. Ke4 Rd2 60. Na3 Kb4 61. Nb1 Rb2 0-1

[Event "DEM U12/U12w 2009"]
[Site "Willingen GER"]
[Date "2009.06.06"]
[Round "11"]
[White "Tennert, Simon"]
[Black "Peters, Tom"]
[Result "1/2-1/2"]
[Termination "normal"]
[Board "22"]
[WhiteElo "1729"]
[BlackElo "1528"]
[PlyCount "77"]
[WhiteFideId "1270445"]
[BlackFideId "24694444"]
[EventCountry "GER"]
[EventRounds "11"]
[EventType "swiss"]
[EventDate "2009.05.30"]

1. e4 c5 2. Nf3 Nc6 3. d4 cxd4 4. Nxd4 g6 5. Nc3 Bg7 6. Be3 Nf6 7. Be2 O-O 8.
O-O d5 9. exd5 Nxd5 10. Nxc6 bxc6 11. Nxd5 cxd5 12. c3 Rb8 13. Rb1 Bf5 14. Bd3
Bxd3 15. Qxd3 Qa5 16. a3 e5 17. Rfd1 Rfd8 18. Qe2 d4 19. cxd4 exd4 20. Bf4 d3
21. Qe7 Re8 22. Qd7 Red8 23. Qc7 Qa4 24. Qxb8 Rxb8 25. Bxb8 Bxb2 26. Rxd3 Bf6
27. Rdb3 Bd4 28. Bg3 Bb6 29. h3 h5 30. Rd3 h4 31. Bh2 Qc2 32. Rbd1 Qxf2+ 33.
Kh1 g5 34. Bg1 Qf5 35. Bxb6 axb6 36. Rf3 Qe6 37. Rdf1 Kg7 38. Rb1 Qc8 39. Rbf1
1/2-1/2

[Event "DEM U12/U12w 2009"]
[Site "Willingen GER"]
[Date "2009.06.06"]
[Round "11"]
[White "Senf, Paul"]
[Black "Manusina, Nicole"]
[Result "0-1"]
[Termination "normal"]
[Board "23"]
[WhiteElo "1330"]
[BlackElo "1685"]
[PlyCount "66"]
[WhiteFideId "12900389"]
[BlackFideId "24657514"]
[EventCountry "GER"]
[EventRounds "11"]
[EventType "swiss"]
[EventDate "2009.05.30"]

1. e4 c6 2. d4 d5 3. e5 c5 4. dxc5 e6 5. Nf3 Bxc5 6. Nc3 Ne7 7. Bd3 Nbc6 8. O-O
a6 9. Bd2 Qc7 10. Re1 O-O 11. Bf4 Ng6 12. Bg3 b5 13. Qd2 Bb7 14. h4 Nb4 15. Bf1
Ne7 16. a3 Nbc6 17. h5 Nf5 18. Qg5 Ncd4 19. Bd3 Nxf3+ 20. gxf3 Nxg3 21. Qxg3 f6
22. Qg4 f5 23. Qg2 Bd4 24. Nd1 Bxe5 25. Kh1 Rae8 26. Rg1 Qf7 27. Qh3 d4 28. b3
Qc7 29. Nb2 Qc6 30. Be2 Qxc2 31. h6 Qxe2 32. Rxg7+ Bxg7 33. Rg1 Bxf3+ 0-1

[Event "DEM U12/U12w 2009"]
[Site "Willingen GER"]
[Date "2009.06.06"]
[Round "11"]
[White "Schmücker, Felix"]
[Black "Kasel, Ronaldo"]
[Result "1-0"]
[Termination "normal"]
[Board "24"]
[WhiteElo "1657"]
[BlackElo "1544"]
[PlyCount "133"]
[WhiteFideId "12900273"]
[BlackFideId "24660949"]
[EventCountry "GER"]
[EventRounds "11"]
[EventType "swiss"]
[EventDate "2009.05.30"]

1. e4 e5 2. Nf3 Nc6 3. Bc4 Bc5 4. c3 Nf6 5. d3 d6 6. O-O Bg4 7. Nbd2 O-O 8. Bb3
h6 9. Re1 Re8 10. h3 Bh5 11. Nf1 Nd7 12. Ng3 Bg6 13. Nh2 Qh4 14. Qf3 Nd8 15.
Be3 Bb6 16. Ng4 Nc5 17. Bxc5 Bxc5 18. Ne3 Qf4 19. Nef5 Qxf3 20. gxf3 Ne6 21.
Nh4 Kh8 22. Ne2 Bh5 23. Kg2 a5 24. a4 Rab8 25. Rad1 b5 26. axb5 c6 27. Bxe6
Rxe6 28. bxc6 Rxb2 29. Rb1 Rb6 30. Rxb6 Bxb6 31. Rb1 Bc7 32. Rb7 f5 33. Rxc7 f4
34. Rc8+ Re8 35. Rxe8+ Bxe8 36. c7 Bd7 37. Ng6+ Kg8 38. Ne7+ Kf7 39. c8=Q Bxc8
40. Nxc8 Ke6 41. Nb6 Ke7 42. Nc1 Kd8 43. Nb3 Kc7 44. Nd5+ Kc6 45. Nxa5+ Kb5 46.
Nc4 Kc5 47. Kf1 g5 48. Ke2 Kc6 49. Ne7+ Kc5 50. Nf5 h5 51. Ncxd6 Kc6 52. Nf7
Kd7 53. Nxe5+ Ke6 54. d4 Kf6 55. Nd3 Ke6 56. d5+ Kd7 57. Ne5+ Kc7 58. d6+ Kd8
59. d7 Kc7 60. Ng7 Kd8 61. Ne6+ Ke7 62. d8=Q+ Kxe6 63. Qd7+ Kxe5 64. Qf5+ Kd6
65. e5+ Ke7 66. Qf6+ Kd7 67. e6+ 1-0

[Event "DEM U12/U12w 2009"]
[Site "Willingen GER"]
[Date "2009.06.06"]
[Round "11"]
[White "Kast, Joannis"]
[Black "Birnkraut, Tim"]
[Result "1-0"]
[Termination "normal"]
[Board "26"]
[WhiteElo "1618"]
[BlackElo "1328"]
[PlyCount "59"]
[WhiteFideId "24698776"]
[BlackFideId "24609587"]
[EventCountry "GER"]
[EventRounds "11"]
[EventType "swiss"]
[EventDate "2009.05.30"]

1. e4 e5 2. Nf3 Nc6 3. Bc4 Bc5 4. c3 Nf6 5. d4 exd4 6. e5 d5 7. Bb5 Ne4 8.
Bxc6+ bxc6 9. cxd4 Bb6 10. Be3 Bg4 11. Qc2 Bd7 12. Nbd2 Nxd2 13. Nxd2 O-O 14.
O-O Qe7 15. Rac1 f6 16. f4 Rab8 17. a3 Rb7 18. Rb1 Rfb8 19. Nb3 g6 20. Qc3 a6
21. Rf2 fxe5 22. fxe5 Kg7 23. Rbf1 Ba7 24. Na5 Rb6 25. Qc1 Rg8 26. Bh6+ Kh8 27.
Rf7 Qe6 28. R1f6 Qg4 29. Rxh7+ Kxh7 30. Rf7+ 1-0

[Event "DEM U12/U12w 2009"]
[Site "Willingen GER"]
[Date "2009.06.06"]
[Round "11"]
[White "Brinkmann, Fabian"]
[Black "Eichstaedt, Mirko"]
[Result "1/2-1/2"]
[Termination "normal"]
[Board "27"]
[WhiteElo "1601"]
[BlackElo "1450"]
[PlyCount "44"]
[WhiteFideId "24661414"]
[BlackFideId "24692310"]
[EventCountry "GER"]
[EventRounds "11"]
[EventType "swiss"]
[EventDate "2009.05.30"]

1. d4 Nf6 2. Bf4 e6 3. Nf3 d5 4. e3 c5 5. c3 Nc6 6. Bd3 c4 7. Bc2 b5 8. a3 a5
9. Nbd2 Be7 10. O-O O-O 11. Re1 Qb6 12. e4 Ba6 13. exd5 Nxd5 14. Bg3 b4 15. Qb1
h6 16. axb4 axb4 17. Be4 Rfc8 18. Bxd5 exd5 19. Ne5 Nxe5 20. Rxe5 Qb7 21. Qe1
Bd6 22. Re3 Bxg3 1/2-1/2

[Event "DEM U12/U12w 2009"]
[Site "Willingen GER"]
[Date "2009.06.06"]
[Round "11"]
[White "Hoffmann, Tim"]
[Black "Lieber, Carl"]
[Result "1/2-1/2"]
[Termination "normal"]
[Board "28"]
[WhiteElo "1455"]
[BlackElo "1587"]
[PlyCount "78"]
[WhiteFideId "12900338"]
[EventCountry "GER"]
[EventRounds "11"]
[EventType "swiss"]
[EventDate "2009.05.30"]

1. e4 c5 2. Nf3 e6 3. d4 cxd4 4. Nxd4 a6 5. Nc3 Qc7 6. Bd3 Nc6 7. Nxc6 bxc6 8.
Bd2 Nf6 9. Qe2 d6 10. O-O-O Be7 11. h3 Rb8 12. b3 O-O 13. f4 Bd7 14. g4 d5 15.
exd5 Nxd5 16. Nxd5 Ba3+ 17. Kb1 cxd5 18. g5 Rfc8 19. Qh5 g6 20. Qe2 Bb5 21. h4
Qxc2+ 22. Bxc2 Bxe2 23. Rde1 Bb5 24. h5 d4 25. hxg6 hxg6 26. Rh3 Bc6 27. Bd3
Rc7 28. Bc4 Bg2 29. Rh2 Rxc4 30. Rxg2 d3 31. Re3 Rxf4 32. Rxd3 Rf1+ 33. Kc2
Rc8+ 34. Rc3 Rxc3+ 35. Kxc3 Rf5 36. Kc2 Kf8 37. Rg3 Rf2 38. Kc3 Ke7 39. Rd3 Rf5
1/2-1/2

[Event "DEM U12/U12w 2009"]
[Site "Willingen GER"]
[Date "2009.06.06"]
[Round "11"]
[White "Abrahamyan, Arsen"]
[Black "Zimmermann, Jasmin"]
[Result "1-0"]
[Termination "normal"]
[Board "29"]
[WhiteElo "1573"]
[BlackElo "1283"]
[PlyCount "75"]
[WhiteFideId "1271755"]
[BlackFideId "12900400"]
[EventCountry "GER"]
[EventRounds "11"]
[EventType "swiss"]
[EventDate "2009.05.30"]

1. e4 e6 2. d4 d5 3. e5 c5 4. c3 Nc6 5. Nf3 f6 6. Bd3 Qb6 7. O-O c4 8. Be2 g6
9. exf6 Nxf6 10. Qc2 Bg7 11. Re1 O-O 12. Be3 Qc7 13. h3 Nd7 14. Ng5 Qd6 15. Bg4
Nf6 16. Bd1 Ne8 17. Bc1 Nc7 18. b3 cxb3 19. axb3 Rf6 20. Nf3 Qd7 21. Nbd2 Qf7
22. Nf1 h6 23. Ne3 g5 24. Be2 Bd7 25. Ng4 Re8 26. Nxf6+ Bxf6 27. Bd3 Kg7 28.
Nh2 a6 29. Ng4 Bd8 30. Re3 Na8 31. Rf3 Qe7 32. Ba3 Qf7 33. Rxf7+ Kxf7 34. Nxh6+
Kg7 35. Ng4 Bc7 36. Bh7 Nb6 37. Qg6+ Kh8 38. Nf6 1-0

[Event "DEM U12/U12w 2009"]
[Site "Willingen GER"]
[Date "2009.06.06"]
[Round "11"]
[White "Myagkov, Kirill"]
[Black "Bosse, Lea"]
[Result "0-1"]
[Termination "normal"]
[Board "30"]
[WhiteElo "1551"]
[BlackElo "1254"]
[PlyCount "100"]
[WhiteFideId "24657042"]
[BlackFideId "12900419"]
[EventCountry "GER"]
[EventRounds "11"]
[EventType "swiss"]
[EventDate "2009.05.30"]

1. e4 d5 2. exd5 Qxd5 3. Nc3 Qa5 4. d4 Nf6 5. Bc4 Bf5 6. Nf3 e6 7. Bd2 c6 8.
Nd5 Qd8 9. Nxf6+ Qxf6 10. O-O Bd6 11. Re1 O-O 12. Ne5 Qd8 13. c3 Nd7 14. Qe2
Nxe5 15. dxe5 Bc5 16. Rad1 Qb6 17. Bg5 h6 18. Bh4 h5 19. b4 Bxb4 20. cxb4 Bg4
21. Qd2 Bxd1 22. Rxd1 c5 23. Be7 Rfe8 24. Bxc5 Qc7 25. Be2 Qxe5 26. Bb5 Rec8
27. Re1 Qf5 28. Re3 b6 29. Bd3 Qd5 30. Bd4 Rd8 31. Be5 f6 32. Bg3 e5 33. Qe2
Rac8 34. h3 Rc3 35. Bh7+ Kxh7 36. Qxh5+ Kg8 37. Rxc3 Qxa2 38. Qg4 Qa1+ 39. Kh2
Qxc3 40. Qe6+ Kf8 41. Bh4 Qxb4 42. Bg3 Qd6 43. Qf5 a5 44. f4 exf4 45. Bxf4 Qd5
46. Qb1 Qc6 47. Qa2 Rd4 48. Qa3+ Qc5 49. Qf3 Rxf4 50. Qxf4 Qe5 0-1

[Event "DEM U12/U12w 2009"]
[Site "Willingen GER"]
[Date "2009.06.06"]
[Round "11"]
[White "Srokovskiy, Andrea"]
[Black "Oltmanns, Bianca"]
[Result "1-0"]
[Termination "normal"]
[Board "31"]
[WhiteElo "1809"]
[BlackElo "1234"]
[PlyCount "91"]
[WhiteFideId "4624947"]
[BlackFideId "24698008"]
[EventCountry "GER"]
[EventRounds "11"]
[EventType "swiss"]
[EventDate "2009.05.30"]

1. e4 c5 2. Nf3 e6 3. c4 Nc6 4. Nc3 d6 5. d4 cxd4 6. Nxd4 Nf6 7. Be3 Be7 8. Be2
O-O 9. Qd2 a6 10. f3 Qd7 11. O-O-O Rb8 12. g4 Rd8 13. g5 Ne8 14. h4 Nc7 15. h5
Nxd4 16. Bxd4 b5 17. g6 h6 18. gxf7+ Kxf7 19. Qf4+ Kg8 20. Qg3 e5 21. Bxe5 Ne6
22. Nd5 Rb7 23. Bf6 bxc4 24. Bxe7 Qb5 25. Rd2 Qd7 26. Nf6+ Kh8 27. Nxd7 Rdxd7
28. Bxd6 Rb6 29. Rhd1 Rc6 30. Rc2 c3 31. Rxc3 Rxc3+ 32. bxc3 Ng5 33. Bf4 Rxd1+
34. Kxd1 Be6 35. Bxg5 hxg5 36. Qxg5 Bxa2 37. Bxa6 Bb3+ 38. Kd2 Be6 39. h6 gxh6
40. Qxh6+ Kg8 41. Qxe6+ Kg7 42. Bc4 Kh7 43. Qg8+ Kh6 44. Be6 Kh5 45. Bf7+ Kh4
46. Qg4# 1-0

[Event "DEM U12/U12w 2009"]
[Site "Willingen GER"]
[Date "2009.06.06"]
[Round "11"]
[White "Herbrig, Marie-Helen"]
[Black "Gabriel, Liem Thanh"]
[Result "0-1"]
[Termination "normal"]
[Board "32"]
[WhiteElo "1248"]
[BlackElo "1798"]
[PlyCount "84"]
[WhiteFideId "12900427"]
[BlackFideId "24696005"]
[EventCountry "GER"]
[EventRounds "11"]
[EventType "swiss"]
[EventDate "2009.05.30"]

1. e4 e6 2. d4 d5 3. exd5 exd5 4. Nc3 c6 5. Bd3 Bd6 6. Nge2 Ne7 7. O-O O-O 8.
Bf4 Bf5 9. Re1 Qc7 10. Bg3 Nd7 11. Qd2 Bxd3 12. Qxd3 Ng6 13. Rad1 Rfe8 14. Bxd6
Qxd6 15. Ng3 Nf6 16. Nce2 Nf4 17. Qf3 Nxe2+ 18. Nxe2 Re7 19. Rf1 Rae8 20. Ng3
Qb4 21. Rb1 Ne4 22. c3 Qa5 23. Rfd1 Nxg3 24. hxg3 Qxa2 25. Qd3 Qa5 26. Ra1 Qb6
27. b4 a6 28. Rf1 Qc7 29. Ra2 Qd6 30. Qf3 Re6 31. Rd2 Qe7 32. Rdd1 Qf6 33. Qd3
Qg6 34. Qd2 Kf8 35. Rc1 Qh5 36. f3 Qg6 37. Qf4 Qh6 38. Qc7 Qe3+ 39. Rf2 Qxc1+
40. Rf1 Qxf1+ 41. Kxf1 Re1+ 42. Kf2 R8e2# 0-1

[Event "DEM U12/U12w 2009"]
[Site "Willingen GER"]
[Date "2009.06.06"]
[Round "11"]
[White "Wendland, Tobias"]
[Black "Siegert, Gregor"]
[Result "1-0"]
[Termination "normal"]
[Board "33"]
[WhiteElo "1622"]
[BlackElo "1392"]
[PlyCount "63"]
[WhiteFideId "24662267"]
[BlackFideId "1271250"]
[EventCountry "GER"]
[EventRounds "11"]
[EventType "swiss"]
[EventDate "2009.05.30"]

1. d4 Nf6 2. c4 g6 3. Nc3 Bg7 4. e4 d6 5. f3 O-O 6. Be3 e5 7. d5 Nh5 8. Qd2 f5
9. exf5 gxf5 10. Bd3 f4 11. Bf2 Bf6 12. Ne4 Be7 13. Ne2 Bd7 14. Rg1 Kh8 15.
O-O-O a6 16. g3 fxg3 17. N4xg3 Nxg3 18. Rxg3 Bh4 19. Rg2 Bxf2 20. Rxf2 Qh4 21.
Ng3 b5 22. Ne4 bxc4 23. Bxc4 Bb5 24. Bb3 Nd7 25. Rg1 c6 26. Nxd6 Nc5 27. Bc2
cxd5 28. Qxd5 Qf4+ 29. Kb1 Na4 30. Rfg2 Rad8 31. Rg7 e4 32. Nf7+ 1-0

[Event "DEM U12/U12w 2009"]
[Site "Willingen GER"]
[Date "2009.06.06"]
[Round "11"]
[White "Gröning, Finn Jonathan"]
[Black "Priese, Annika"]
[Result "1-0"]
[Termination "normal"]
[Board "34"]
[WhiteElo "1513"]
[BlackElo "1446"]
[PlyCount "63"]
[WhiteFideId "1271634"]
[BlackFideId "24673730"]
[EventCountry "GER"]
[EventRounds "11"]
[EventType "swiss"]
[EventDate "2009.05.30"]

1. e4 c5 2. Nf3 e6 3. d4 cxd4 4. Nxd4 a6 5. Be3 Qc7 6. Nc3 Nf6 7. Be2 d6 8. O-O
Nbd7 9. Kh1 b5 10. a3 Bb7 11. f3 Be7 12. Nb3 O-O 13. Qd2 d5 14. Rfd1 Rad8 15.
Bd3 Bd6 16. g3 Ne5 17. Qe2 h5 18. Bg5 Ng6 19. Bxf6 gxf6 20. exd5 exd5 21. Bxg6
fxg6 22. Nxd5 Qf7 23. Nc3 Rfe8 24. Qf2 Qc4 25. Rd3 Bf8 26. Rad1 Rc8 27. Qb6 Ba8
28. Qxf6 Qg4 29. Kg1 Qh3 30. Qxg6+ Kh8 31. Rd7 Be7 32. Qf7 1-0

[Event "DEM U12/U12w 2009"]
[Site "Willingen GER"]
[Date "2009.06.06"]
[Round "11"]
[White "Mehling, Katharina"]
[Black "Huckebrink, Chris"]
[Result "1-0"]
[Termination "normal"]
[Board "35"]
[WhiteElo "1352"]
[BlackElo "1489"]
[PlyCount "43"]
[WhiteFideId "12900362"]
[EventCountry "GER"]
[EventRounds "11"]
[EventType "swiss"]
[EventDate "2009.05.30"]

1. d4 Nf6 2. c4 e6 3. Nc3 Bb4 4. e3 c5 5. Nf3 d5 6. a3 Bxc3+ 7. bxc3 Qa5 8. Bd2
Ne4 9. Qc2 Nd7 10. Bd3 Nxd2 11. Nxd2 Nf6 12. Nb3 Qc7 13. Nxc5 b6 14. Na4 dxc4
15. Be2 Bb7 16. f3 b5 17. Nc5 Nd7 18. Nxb7 Qxb7 19. Rb1 Rb8 20. Bxc4 Qc6 21.
Bd3 O-O 22. Bxh7+ 1-0

[Event "DEM U12/U12w 2009"]
[Site "Willingen GER"]
[Date "2009.06.06"]
[Round "11"]
[White "Fell, Fabian"]
[Black "Velkina, Elina"]
[Result "1/2-1/2"]
[Termination "normal"]
[Board "36"]
[WhiteElo "1488"]
[BlackElo "1113"]
[PlyCount "100"]
[WhiteFideId "24698873"]
[BlackFideId "1271679"]
[EventCountry "GER"]
[EventRounds "11"]
[EventType "swiss"]
[EventDate "2009.05.30"]

1. e4 e5 2. Nf3 d6 3. Bc4 Be7 4. O-O Nd7 5. d4 c6 6. dxe5 dxe5 7. Be3 Ngf6 8.
Nc3 O-O 9. Qe2 b5 10. Bb3 Qc7 11. Rad1 Bb7 12. Nh4 Nxe4 13. Nf5 Ndf6 14. Nxe7+
Qxe7 15. Nxe4 Nxe4 16. Bxa7 Rxa7 17. Qxe4 c5 18. Qe3 Raa8 19. Bd5 Rab8 20. Bxb7
Rxb7 21. Rd5 Re8 22. Qxc5 Qg5 23. Qc6 Rbb8 24. Rxb5 Qd2 25. Rxb8 Rxb8 26. Qc3
Qxc3 27. bxc3 Rb2 28. Rd1 Kf8 29. g3 Rxc2 30. Rd8+ Ke7 31. Ra8 Rxc3 32. a4 Ra3
33. a5 Kd6 34. a6 Kc6 35. Ra7 Rf3 36. Re7 Kb6 37. Kg2 e4 38. Rxe4 Rf5 39. Ra4
Ka7 40. f4 Rf6 41. Kf3 Rxa6 42. Rxa6+ Kxa6 43. Ke4 Kb7 44. Kd5 Kc7 45. g4 Kd7
46. h4 Ke7 47. g5 f6 48. f5 g6 49. Ke4 gxf5+ 50. Kxf5 fxg5 1/2-1/2

[Event "DEM U12/U12w 2009"]
[Site "Willingen GER"]
[Date "2009.06.06"]
[Round "11"]
[White "Stolberg, Daniel"]
[Black "Rahimi, Anita"]
[Result "1-0"]
[Termination "normal"]
[Board "37"]
[WhiteElo "1412"]
[BlackElo "1290"]
[PlyCount "63"]
[BlackFideId "24692336"]
[EventCountry "GER"]
[EventRounds "11"]
[EventType "swiss"]
[EventDate "2009.05.30"]

1. g3 c6 2. c4 d5 3. cxd5 cxd5 4. Bg2 Nf6 5. b3 Bf5 6. Bb2 e6 7. Nf3 Bd6 8. O-O
Nbd7 9. d3 Qe7 10. Nh4 Bg6 11. Nc3 Bb4 12. a3 Bxc3 13. Bxc3 Rc8 14. Bb4 Nc5 15.
d4 a5 16. Bxc5 Rxc5 17. dxc5 Qxc5 18. Nxg6 hxg6 19. Rc1 Qe7 20. Rc8+ Kd7 21.
Rxh8 Qxa3 22. e4 Qc5 23. exd5 exd5 24. Qc1 Qxc1 25. Rxc1 Kd6 26. Rb8 d4 27.
Rxb7 d3 28. Rxf7 d2 29. Rd1 Ke6 30. Rxg7 Ke5 31. Rxd2 Ke6 32. Rxg6 1-0

[Event "DEM U12/U12w 2009"]
[Site "Willingen GER"]
[Date "2009.06.06"]
[Round "11"]
[White "Schwarz, Larissa"]
[Black "Lemke, Berfîn"]
[Result "1-0"]
[Termination "normal"]
[Board "38"]
[WhiteElo "1403"]
[BlackElo "1312"]
[PlyCount "69"]
[WhiteFideId "24699004"]
[BlackFideId "1270578"]
[EventCountry "GER"]
[EventRounds "11"]
[EventType "swiss"]
[EventDate "2009.05.30"]

1. e4 e5 2. Nf3 Nc6 3. d4 exd4 4. Nxd4 Nf6 5. Nc3 Bb4 6. Nxc6 bxc6 7. Bd3 d5 8.
exd5 cxd5 9. O-O O-O 10. a3 Bd6 11. Re1 c6 12. Bg5 Be6 13. Qf3 Be7 14. Qe2 Bd6
15. Qf3 Be7 16. Bf5 Bxf5 17. Qxf5 Re8 18. Re2 Qd6 19. Rae1 g6 20. Qf3 Kf8 21.
Qh3 h5 22. Qg3 Qxg3 23. hxg3 Bd8 24. Bh6+ Kg8 25. Rxe8+ Nxe8 26. Rxe8+ Kh7 27.
Bg5 Bxg5 28. Rxa8 Bc1 29. Na4 Kg7 30. Rxa7 c5 31. Rc7 c4 32. Rd7 d4 33. Rxd4 c3
34. bxc3 Bxa3 35. c4 1-0

[Event "DEM U12/U12w 2009"]
[Site "Willingen GER"]
[Date "2009.06.06"]
[Round "11"]
[White "Jermann, Isabel"]
[Black "Ismail, Nabil"]
[Result "1/2-1/2"]
[Termination "normal"]
[Board "39"]
[WhiteElo "1328"]
[BlackElo "1400"]
[PlyCount "58"]
[EventCountry "GER"]
[EventRounds "11"]
[EventType "swiss"]
[EventDate "2009.05.30"]

1. d4 d5 2. c3 e6 3. Bf4 Nf6 4. e3 a6 5. Bd3 c5 6. Nd2 Nc6 7. h3 b5 8. Ngf3 Be7
9. O-O O-O 10. Ne5 Nxe5 11. dxe5 Nd7 12. Qh5 g6 13. Qg4 c4 14. Bc2 Re8 15. e4
Nc5 16. Qe2 d4 17. cxd4 Qxd4 18. Rab1 Rd8 19. Nf3 Qd7 20. Rfd1 Qc7 21. Rxd8+
Bxd8 22. Rd1 Bb7 23. Be3 Be7 24. Bxc5 Bxc5 25. Qd2 Bc6 26. Qh6 Bf8 27. Qd2 Bg7
28. Qc3 Bf8 29. b3 Bb7 1/2-1/2

[Event "DEM U12/U12w 2009"]
[Site "Willingen GER"]
[Date "2009.06.06"]
[Round "11"]
[White "Genath, Maren"]
[Black "Faden, Maximilian"]
[Result "0-1"]
[Termination "normal"]
[Board "40"]
[WhiteElo "924"]
[BlackElo "1325"]
[PlyCount "64"]
[EventCountry "GER"]
[EventRounds "11"]
[EventType "swiss"]
[EventDate "2009.05.30"]

1. e4 e6 2. d4 d5 3. exd5 exd5 4. Bd3 Nc6 5. Nf3 Bg4 6. Bf4 Nxd4 7. Nbd2 Bd6 8.
Bxd6 Qxd6 9. c3 Nxf3+ 10. Nxf3 Nf6 11. O-O O-O 12. h3 Bh5 13. g4 Bg6 14. Bxg6
fxg6 15. Qb3 Ne4 16. Qxb7 Rfb8 17. Qxb8+ Rxb8 18. Rab1 Qf4 19. Kg2 Nd2 20. Nxd2
Qxd2 21. Rfd1 Qg5 22. b4 Rf8 23. Rd3 Qe5 24. Rbd1 Qe4+ 25. f3 Qe2+ 26. Kg3
Rxf3+ 27. Rxf3 Qxd1 28. Re3 Qd2 29. Re8+ Kf7 30. Ra8 Qxc3+ 31. Kh4 h6 32. Rxa7
Qe1# 0-1